000 00731cab a2200241 4500
001 WB3311-04
008 090401t1997 xxu||||| |||| 00| 0 eng d
035 _a(Sirsi) u77110
041 _aeng
245 _aProcurement best practice panel
260 _c1997
350 _a0
490 _aHM Treasury Press Release
_v(30/97) 12 March 1997, (3)
520 _aThe launch of the Government Construction Client Panel has been welcomed by the construction industry.
650 _aBEST PRACTICE
650 _aCONSTRUCTION CLIENTS FORUM
650 _aCONSTRUCTION INDUSTRY
650 _aGOVERNMENT CONSTRUCTION CLIENT PANEL
650 _aLATHAM REFORMS
690 _aBUILT ENVIRONMENT
942 _n0
948 _c14/03/1997
999 _c48469
_d48469